000 00247 a2200109 4500
001 51215
040 _cAnchieta - Pituba
240 1 0 _aMondscheinkinder pasch kino
_l
245 1 0 _aMondscheinkinder pasch kino
650 4 _aLíngua alemã
942 _cMX
999 _c51215
_d51215